• 首页
  • 本馆介绍
  • 公告通知
  • 最新文献
  • 馆藏检索
  • 电子资源
  • 读者荐购
  • 参考咨询
  • CALIS
  • 我的图书馆
  • 登录
  • 详细信息显示
  • 放入我的书架
  • 预约/预借图书
  • 作者相关作品
  • 分类相关作品
  • 丛书相关作品
  • 出版社相关作品

书目信息

  • 表格格式
  • 工作单格式
  • 卡片格式
题名:
集梦爱好者
    
 
作者: 李大卫 著
分册:  
出版信息: 北京   作家出版社  1997.01
页数: 270页
开本: 32开
丛书名:
单 册:
中图分类: I247.57
科图分类:
主题词: 小说--中国
电子资源:
ISBN: 7-5063-1121-6
 
 
 
 
 
000 00526nam0 2200193 45
001 0102131021
005 20010213105339.7
010    @a7-5063-1121-6@d14.80元
100    @a20010213d1997 km y0chiy0120 ea
101 0  @achi
105    @a z 000yy
200 1  @a集梦爱好者@AJi Meng Ai Hao Zhe@f李大卫著@FLi Da Wei Zhu
210    @a北京@c作家出版社@d1997.01
215    @a270页@d32开
606 0  @a小说@x中国
690    @aI247.57@v3
701  0 @a李大卫@4著
801    @aCN@bPftUser@c20010213
905    @b321399-403@dI247.57@eL858@f5
    
    集梦爱好者/李大卫著.-北京:作家出版社,1997.01
    270页;32开
    
    
    ISBN 7-5063-1121-6:14.80元
    
●
相关链接 在E读中查询图书 在当当中查询图书 在豆瓣中查询图书


正题名:集梦爱好者     索取号:I247.57/L858         预约/预借

序号 登录号 条形码 馆藏地/架位号 状态 备注
1 321399   203213995   社科二线422/422社科库 2排1列4层/ [索取号:I247.57/L858] 在馆    
2 321400   203214002   社科二线422/422社科库 2排1列4层/ [索取号:I247.57/L858] 在馆    
3 321401   203214011   社科二线422/422社科库 2排1列4层/ [索取号:I247.57/L858] 在馆    
4 321402   203214020   文学库108/108文学库 50排3列4层/ [索取号:I247.57/L858] 在馆    
5 321403   203214039   社科二线422/422社科库 2排1列4层/ [索取号:I247.57/L858] 在馆    
河南城建学院图书馆 欢迎您!
大连网信软件有限公司© 版权所有